| 000 | 00368nam a22001217a 4500 | ||
|---|---|---|---|
| 008 | 230629b xxu||||| |||| 00| 0 eng d | ||
| 020 | _a9211124182 | ||
| 082 |
_a338.9 _bUNC 1997 |
||
| 245 | _aThe Uruguay Round and its Follow-up: Building a Positive Agenda for Development | ||
| 260 |
_aNew York and Geneva _bUnited Nations _c1997 |
||
| 300 | _aVII,121p | ||
| 942 |
_2ddc _cBK |
||
| 999 |
_c3025 _d3025 |
||